00501nam a2200085Ia 4500008004100000245020500041260000900246300011200255650004800367180130s9999 xx 000 0 und d cReichman, Walter; Berry, Mary O'Neill; Cruse, Sean; Lytle, Megan C.aIt takes a world to sustain a world: international organizations' contributions to achieving corporate environmental sustainability c2013 aBook title: Green organizations : driving change with I-O psychology--Acession number C18638; pages 275-299 aBUSINESS ENTERPRISES--ENVIRONMENTAL ASPECTS